[Event "ROM-ch U16"]
[Site "Calimanesti Caciulata"]
[Date "2016.04.18"]
[Round "1"]
[White "Bretea, Vlad Ionut"]
[Black "Zubcu, Vlad George"]
[Result "0-1"]
[WhiteElo "1630"]
[BlackElo "2015"]
[PlyCount "56"]
[EventDate "2016.04.18"]
[EventType "swiss"]
[EventRounds "9"]
[EventCountry "ROU"]
[SourceTitle "CBM 172 Extra"]
[Source "ChessBase"]
[SourceDate "2016.06.21"]
[SourceVersion "1"]
[SourceVersionDate "2016.06.21"]
[SourceQuality "1"]

1. e4 c6 2. d4 d5 3. e5 Bf5 4. Bd3 Bxd3 5. Qxd3 e6 6. Nf3 a6 7. 0-0 Ne7 8. Bg5 h6 9. Bh4 Qb6 10. Nc3 Nf5 11. b3 Nd7 12. Ne2 c5 13. c4 cxd4 14. Nexd4 Nxh4 15. Nxh4 Nxe5 16. Qe3 Bc5 17. Rad1 Bxd4 18. Rxd4 Nc6 19. Rd3 Qxe3 20. Rxe3 dxc4 21. bxc4 0-0-0 22. Nf3 Rd7 23. h3 Rhd8 24. Ne5 Nxe5 25. Rxe5 Rd1 26. Rxd1 Rxd1+ 27. Kh2 Rd2 28. f3 Rxa2 0-1